000
00149 a2200085 4500
041
_a
spa
100
_a
Anonimo
245
_a
Se pedir turno
942
_c
BK
999
_c
11149
_d
11149